[Event "Zupanja op-B 13th"]
[Site "Zupanja"]
[Date "2007.01.03"]
[Round "1"]
[White "Babic, Pero"]
[Black "Plenca, Julian"]
[Result "0-1"]
[WhiteElo "1903"]
[BlackElo "2173"]
[PlyCount "38"]
[EventDate "2007.01.03"]
[EventType "swiss"]
[EventRounds "9"]
[EventCountry "CRO"]
[SourceTitle "CBM 116 Extra"]
[Source "ChessBase"]
[SourceDate "2007.03.07"]
[SourceVersion "1"]
[SourceVersionDate "2007.03.07"]
[SourceQuality "1"]

1. e4 c5 2. Bc4 e6 3. Nc3 a6 4. a4 Nc6 5. Nge2 Nf6 6. 0-0 d5 7. exd5 exd5 8. Ba2 d4 9. Nb1 Bd6 10. d3 0-0 11. Nf4 Kh8 12. Re1 b5 13. c3 Bb7 14. Ne2 Ng4 15. Bf4 Qh4 16. Bxd6 Qxf2+ 17. Kh1 Nce5 18. Nf4 Qh4 19. Nh3 Qxh3 0-1